000
00304 a2200121 4500
082
_a
629.8
090
_c
5001
_d
5001
100
_a
D'Azzo, John J.
245
_a
Feedback Control System Analysis and Synthesis
_c
John J. D'Azzo
250
_a
2nd
260
_a
Tokyo
_b
McGraw-Hill
_c
1966
942
_c
BK
_k
629.8 DAZ
999
_c
8878
_d
8878